000 00880nam a2200169 4500
999 _c6279
_d6279
020 _a0435455559
050 _aHD31
_b.Su8
100 _aSutherland, Jon
245 _aBusiness administration for secretarial certificates /
_cJon Sutherland &Diane Canwell
260 _a Heinemann,
_bOxford :
_c1997.
300 _aix, 259 pages :
_b illustrations ;
_c27 cm.
500 _aIncludes index
505 _a1. Introduction Chapter 1. Business organisations in the private sector Chapter 2. Business organisations in the public sector Chapter 3. Business structures Chapter 4. Work patterns Chapter 5. Business functions Chapter 6. Employer and rights and responsabilities Chapter 7. The working environment Chapter 8. Administration functions and procedures Chapter 9. Processing information
650 _aOffice practice
700 _aCanwell, Diane
942 _cBK